Score 0/13 Timer 01:00
0 Plays Today
Scrambled State Unscrambled State % Correct
HTUAU[t]ah
95.2%
GMNYIWOWyomi[n]g
93.1%
TKKUCNYEKen[t]ucky
90.9%
NTIUCCOENTCConnectic[u]t
90.3%
SKANSARAArkan[s]as
82.5%
VASILYNEANNPPenn[s]ylvania
80.7%
NRETMOVVermon[t]
79.6%
AORLACIFINCaliforn[i]a
79.5%
ANDEAVN[e]vada
76.8%
IGMHCINAMichig[a]n
73.6%
WEARDEAL[D]elaware
61.6%
NOMINATESMinn[e]sota
36.4%
Themed Bonus Answer: --->
From letters in []
United States
33.5%
Remove Ads.
Support Sporcle.
Get the best of Sporcle when you Go Orange. This ad-free experience offers more features, more stats, and more fun while also helping to support Sporcle. Thank you for becoming a member.

You're not logged in!

Compare scores with friends on all Sporcle quizzes.
OR
Log In

Show Comments

Extras

Top Quizzes Today


Score Distribution

Your Account Isn't Verified!

In order to create a playlist on Sporcle, you need to verify the email address you used during registration. Go to your Sporcle Settings to finish the process.

Report this User

Report this user for behavior that violates our Community Guidelines.

Details: